| 000 | 00763nam a22002057a 4500 | ||
|---|---|---|---|
| 999 |
_c6277 _d6277 |
||
| 003 | AR-CdUCM | ||
| 008 | 190314b ||||| |||| 00| 0 spa d | ||
| 040 |
_aMUNICIPALIDAD PROVINCIAL DEL CUSCO _cBIBLIOTECA MUNICIPAL DEL CUSCO |
||
| 082 |
_a030 / _bAR71 / 1965 |
||
| 110 |
_aFocus international book production _918028 |
||
| 245 | _aEnciclopedia internacional Focus / | ||
| 260 |
_aBarcelona : _bLibreria editorial Argos, _c1965. |
||
| 300 |
_a6 volumenes ; _bilustraciones ; _c24 cm. |
||
| 505 | _aContenido : v.1: A-Cil -- V.2: Cil-Fyv -- v.3: G-Lluv -- v.4: M-Psi -- v.5: Psi-Vap -- v.6: Var -- Zworykis -- Indices. | ||
| 650 |
_aEnciclopedias _96681 |
||
| 650 |
_aDiccionario _95196 |
||
| 650 |
_aGeneralidades _918018 |
||
| 942 |
_2ddc _cLIBROS |
||
| 945 | _azta | ||